000 00834cam a22002653a 4500
001 1776
003 PGUSA
005 20140828083006.0
008 990601s1999||||xxu|||||s|||||000 | eng d
040 _aPGUSA
_beng
042 _adc
050 4 _aPR
100 1 _aShakespeare, William,
_d1564-1616
245 1 0 _aKing Richard II
_h[electronic resource] /
_cWilliam Shakespeare
260 _bProject Gutenberg,
_c1999
506 _aCopyrighted. Read the copyright notice inside this book for details.
516 _aElectronic text
653 _aRichard II, King of England, 1367-1400 -- Drama
653 _aGreat Britain -- History -- Richard II, 1377-1399 -- Drama
653 _aTragedies
653 _aHistorical drama
830 0 _aProject Gutenberg
_v1776
856 4 0 _uhttp://www.gutenberg.org/ebooks/1776
942 _cEB
999 _c231120
_d231120